Origin and development of the law of the sea : history of international law revisited /

Bibliographic Details
Main Author: Anand, R. P. (Ram Prakash), 1933-
Format: Book
Language:English
Published: The Hague ; Boston : Martinus Nijhoff ; 1983.
Series:Publications on ocean development ; v. 7.
Subjects:

MARC

Tag First Indicator Second Indicator Subfields
LEADER 00000pam a2200000 a 4500
001 in00000507821
005 20151013065524.0
008 811203s1983 ne b 00110 eng
010 |a  81018984  
020 |a 9024726174 
035 |a (OCoLC)08032543 
035 |9 ACD8875AM 
039 0 |a 2  |b 3  |c 3  |d 3  |e 3 
040 |a DLC  |c DLC  |d TXA  |d UtOrBLW 
049 |a TXAM  |c [1483742] 
050 0 0 |a JX4411  |b .A54 1983 
082 0 |a 341.7/566/09  |2 19 
100 1 |a Anand, R. P.  |q (Ram Prakash),  |d 1933- 
245 1 0 |a Origin and development of the law of the sea :  |b history of international law revisited /  |c R.P. Anand. 
264 1 |a The Hague ;  |a Boston :  |b Martinus Nijhoff ;  |c 1983. 
264 2 |a Hingham, MA :  |b [distributed in the U.S. by] Kluwer Boston, 
300 |a xvi, 249 pages ;  |c 25 cm. 
336 |a text  |b txt  |2 rdacontent 
337 |a unmediated  |b n  |2 rdamedia 
338 |a volume  |b nc  |2 rdacarrier 
490 1 |a Publications on ocean development ;  |v v. 7 
504 |a Includes bibliographical references and index. 
650 0 |a Maritime law. 
830 0 |a Publications on ocean development ;  |v v. 7. 
999 |a MARS 
999 f f |s ea9be8cd-37c9-3445-b8a1-929ea8844d46  |i c7141fb7-84c5-3fac-b3bd-ce49de7939c0  |t 0 
952 f f |p normal  |a Texas A&M University  |b College Station  |c Sterling C. Evans Library  |d Evans: Library Stacks  |t 0  |e JX4411 .A54 1983  |h Library of Congress classification  |i unmediated -- volume  |m A14807688432 
952 f f |p normal  |a Texas A&M University  |b Galveston Campus  |c Jack K. Williams Library  |d Galveston Stacks  |t 0  |e JX4411 .A54 1983  |h Library of Congress classification  |i unmediated -- volume  |m 33620000437240 
998 f f |a JX4411 .A54 1983  |t 0  |l Evans: Library Stacks 
998 f f |a JX4411 .A54 1983  |t 0  |l Galveston Stacks